| 000 | 01319nam a2200313Ia 4500 | ||
|---|---|---|---|
| 001 | ebr10130461 | ||
| 003 | CaPaEBR | ||
| 006 | m u | ||
| 007 | cr cn||||||||| | ||
| 008 | 030902s2004 enk sb 101 0 eng d | ||
| 010 | _z 2003055905 | ||
| 020 | _z0511193955 | ||
| 020 | _z0521834104 | ||
| 040 |
_aCaPaEBR _cCaPaEBR |
||
| 035 | _a(OCoLC)144618383 | ||
| 050 | 1 | 4 |
_aB2597 _b.L44 2004eb |
| 245 | 0 | 0 |
_aLeibniz and his correspondents _h[electronic resource] / _cedited by Paul Lodge. |
| 260 |
_aCambridge, UK : _bNew York : _bCambridge University Press, _c2004. |
||
| 300 | _axiii, 310 p. | ||
| 500 | _aProceedings of a conference held Mar. 16-18, 2001 at Tulane University. | ||
| 504 | _aIncludes bibliographical references (p. 293-303) and index. | ||
| 533 |
_aElectronic reproduction. _bPalo Alto, Calif. : _cebrary, _d2007. _nAvailable via World Wide Web. _nAccess may be limited to ebrary affiliated libraries. |
||
| 600 | 1 | 0 |
_aLeibniz, Gottfried Wilhelm, _cFreiherr von, _d1646-1716 _xCorrespondence _vCongresses. |
| 650 | 0 |
_aPhilosophy, German _y17th century. |
|
| 655 | 7 |
_aElectronic books. _2local |
|
| 700 | 1 |
_aLodge, Paul, _d1968- |
|
| 710 | 2 | _aebrary, Inc. | |
| 856 | 4 | 0 |
_uhttp://site.ebrary.com/lib/rucke/Doc?id=10130461 _zAn electronic book accessible through the World Wide Web; click to view |
| 999 |
_c77567 _d77567 |
||